Komparatívna analýza zdaňovania podielov na zisku v krajinách Európskej únie diplomová práca

Saved in:
Bibliographic Details
Main Author: Bugajová, Helena
Corporate Author: Fakulta hospodárskej informatiky EU. Katedra účtovníctva a audítorstva
Other Authors: Solík, Ján
Format: Book
Language:Slovak
Published: Bratislava 2012
Tags: Add Tag
No Tags, Be the first to tag this record!

MARC

LEADER 00000nbm a2200000 4500
001 0154874
005 20161109102150.5
041 0 |a slo 
044 |a SK 
245 1 0 |a Komparatívna analýza zdaňovania podielov na zisku v krajinách Európskej únie  |b diplomová práca  |c Helena Bugajová ; školiteľ: Ján Solík 
264 1 |a Bratislava  |c 2012 
300 |a 72 s. 
100 1 |a Bugajová, Helena 
700 1 |a Solík, Ján 
710 2 |a Fakulta hospodárskej informatiky EU. Katedra účtovníctva a audítorstva